[Event "San Francisco Masters op"]
[Site "San Francisco"]
[Date "2000.04.01"]
[Round "2"]
[White "Shabalov, Alexander"]
[Black "Ivanov, Igor V"]
[Result "1-0"]
[WhiteElo "2592"]
[BlackElo "2489"]
[PlyCount "49"]
[GameId "1166642624036864"]
[EventDate "2000.03.31"]
[EventType "swiss"]
[EventRounds "7"]
[EventCountry "USA"]
[SourceTitle "EXT 2001"]
[Source "ChessBase"]
[SourceDate "2000.11.22"]
[SourceVersion "1"]
[SourceVersionDate "2000.11.22"]
[SourceQuality "1"]

1. e4 c5 2. Nf3 d6 3. d4 cxd4 4. Nxd4 g6 5. Nc3 Bg7 6. Be3 Nc6 7. Qd2 Bd7 8. O-O-O Rc8 9. Kb1 Nf6 10. f3 O-O 11. g4 Ne5 12. h4 b5 13. h5 b4 14. Nd5 Nexg4 15. fxg4 Nxe4 16. Qg2 e6 17. Qxe4 exd5 18. Qf3 Re8 19. hxg6 hxg6 20. Ba6 Rc7 21. Qh3 Re5 22. Qh7+ Kf8 23. Bh6 Bxh6 24. Qxh6+ Ke7 25. Nf3 1-0

[Event "San Francisco Masters op"]
[Site "San Francisco"]
[Date "2000.04.01"]
[Round "3"]
[White "Ivanov, Igor V"]
[Black "Haessler, Carl"]
[Result "0-1"]
[WhiteElo "2489"]
[BlackElo "2238"]
[PlyCount "64"]
[GameId "1166642624069632"]
[EventDate "2000.03.31"]
[EventType "swiss"]
[EventRounds "7"]
[EventCountry "USA"]
[SourceTitle "EXT 2001"]
[Source "ChessBase"]
[SourceDate "2000.11.22"]
[SourceVersion "1"]
[SourceVersionDate "2000.11.22"]
[SourceQuality "1"]

1. Nf3 Nf6 2. c4 e6 3. g3 d5 4. Bg2 Be7 5. O-O O-O 6. b3 Nbd7 7. Bb2 c6 8. d3 Qc7 9. Nc3 dxc4 10. bxc4 e5 11. Qc2 Nc5 12. a4 Bf5 13. e4 Bg4 14. Nxe5 Qxe5 15. h3 Qh5 16. hxg4 Nxg4 17. Rfe1 Ne6 18. Ba3 Bf6 19. Bxf8 Rxf8 20. Rab1 Bd4 21. Nd1 Ng5 22. Qe2 Qh2+ 23. Kf1 h5 24. Rxb7 Nh3 25. Qf3 Ne5 26. Qxh5 Qg1+ 27. Ke2 Qxg2 28. Rf1 Ng1+ 29. Rxg1 Qxg1 30. Re7 g6 31. Qg5 Nxd3 32. Qd2 Bc5 0-1

[Event "San Francisco Masters op"]
[Site "San Francisco"]
[Date "2000.04.02"]
[Round "4"]
[White "Reizniece Ozola, Dana"]
[Black "Ivanov, Igor V"]
[Result "0-1"]
[WhiteElo "2259"]
[BlackElo "2489"]
[PlyCount "88"]
[GameId "1166642624155648"]
[EventDate "2000.03.31"]
[EventType "swiss"]
[EventRounds "7"]
[EventCountry "USA"]
[SourceTitle "EXT 2001"]
[Source "ChessBase"]
[SourceDate "2000.11.22"]
[SourceVersion "1"]
[SourceVersionDate "2000.11.22"]
[SourceQuality "1"]

1. c4 f5 2. Nc3 Nf6 3. g3 e5 4. Bg2 Nc6 5. Nf3 d6 6. d3 Be7 7. O-O O-O 8. Rb1 a5 9. a3 Qe8 10. b4 axb4 11. axb4 Qh5 12. b5 Nd8 13. c5 Ne6 14. cxd6 Bxd6 15. Bb2 Bd7 16. Ra1 Rxa1 17. Qxa1 b6 18. Qa2 Kh8 19. Nd5 f4 20. Qc4 fxg3 21. hxg3 Ng4 22. Nh4 Nf4 23. Nxf4 exf4 24. Qd4 Nf6 25. Bf3 Qg5 26. Bc1 Nh5 27. Bxh5 Qxh5 28. Bb2 Qf7 29. gxf4 Bxf4 30. Ng2 Bd6 31. e4 Bh3 32. e5 Bxg2 33. exd6 Bxf1 34. Kxf1 cxd6 35. Qxb6 Qf5 36. Qd4 Qf6 37. Qxf6 gxf6 38. b6 Kg7 39. Kg2 Kf7 40. Bd4 Rg8+ 41. Kh3 Ke6 42. f3 Rg5 43. Kh4 Rd5 44. Bc3 Rb5 0-1

[Event "San Francisco Masters op"]
[Site "San Francisco"]
[Date "2000.04.02"]
[Round "5"]
[White "Ivanov, Igor V"]
[Black "Poehlmann, Roger"]
[Result "1-0"]
[WhiteElo "2489"]
[BlackElo "2175"]
[PlyCount "42"]
[GameId "1166642624200704"]
[EventDate "2000.03.31"]
[EventType "swiss"]
[EventRounds "7"]
[EventCountry "USA"]
[SourceTitle "EXT 2001"]
[Source "ChessBase"]
[SourceDate "2000.11.22"]
[SourceVersion "1"]
[SourceVersionDate "2000.11.22"]
[SourceQuality "1"]

1. Nf3 d5 2. c4 dxc4 3. e3 Nf6 4. Bxc4 e6 5. b3 a6 6. Bb2 b5 7. Be2 Bb7 8. O-O c5 9. a4 b4 10. Ne5 Nbd7 11. f4 Be7 12. Bf3 Qc7 13. d3 O-O 14. Nd2 Nd5 15. Ndc4 f6 16. Bxd5 exd5 17. Nxd7 dxc4 18. Nxf8 c3 19. Ne6 Qc6 20. Qg4 Kf7 21. f5 cxb2 1-0

[Event "San Francisco Masters op"]
[Site "San Francisco"]
[Date "2000.04.03"]
[Round "7"]
[White "Ziatdinov, Raset"]
[Black "Ivanov, Igor V"]
[Result "1-0"]
[WhiteElo "2473"]
[BlackElo "2489"]
[PlyCount "65"]
[GameId "1166642624331776"]
[EventDate "2000.03.31"]
[EventType "swiss"]
[EventRounds "7"]
[EventCountry "USA"]
[SourceTitle "EXT 2001"]
[Source "ChessBase"]
[SourceDate "2000.11.22"]
[SourceVersion "1"]
[SourceVersionDate "2000.11.22"]
[SourceQuality "1"]

1. e4 c5 2. Nf3 d6 3. d4 cxd4 4. Nxd4 Nc6 5. Nc3 Bd7 6. Be2 g6 7. Be3 Bg7 8. Qd2 Nf6 9. O-O-O Ng4 10. Bxg4 Bxg4 11. f3 Bd7 12. Nxc6 bxc6 13. Bd4 f6 14. g4 Qa5 15. h4 Be6 16. g5 O-O 17. gxf6 Rxf6 18. h5 Bxa2 19. hxg6 hxg6 20. Bxf6 Bxf6 21. Rdg1 Bf7 22. Kd1 Rb8 23. Ne2 Qa1+ 24. Qc1 Qa2 25. b3 d5 26. e5 Bxe5 27. Nf4 Rb4 28. Nxg6 Rd4+ 29. Ke2 Bxg6 30. Rxg6+ Kf7 31. Rh7+ Kxg6 32. Qh6+ Kf5 33. Qh5+ 1-0

[Event "Continental op 45'"]
[Site "Los Angeles"]
[Date "2000.07.24"]
[Round "1"]
[White "Ivanov, Igor V"]
[Black "Smirin, Ilia"]
[Result "0-1"]
[WhiteElo "2472"]
[BlackElo "2677"]
[PlyCount "64"]
[GameId "1166642844672000"]
[EventDate "2000.07.24"]
[EventType "swiss"]
[EventRounds "9"]
[EventCountry "USA"]
[SourceTitle "EXT 2001"]
[Source "ChessBase"]
[SourceDate "2000.11.22"]
[SourceVersion "1"]
[SourceVersionDate "2000.11.22"]
[SourceQuality "1"]

1. d4 Nf6 2. c4 g6 3. Nc3 Bg7 4. e4 d6 5. Nf3 O-O 6. Be2 e5 7. d5 Na6 8. Bg5 h6 9. Bh4 g5 10. Bg3 Nh5 11. Nd2 Nf4 12. O-O f5 13. exf5 Nxe2+ 14. Qxe2 Bxf5 15. Nde4 Qe8 16. f3 Qg6 17. h3 h5 18. Nf2 Nc5 19. Rad1 a5 20. Bh2 g4 21. fxg4 hxg4 22. hxg4 Bd7 23. Nce4 Nxe4 24. Qxe4 Qxe4 25. Nxe4 Bxg4 26. Rxf8+ Rxf8 27. Rf1 Rxf1+ 28. Kxf1 Bf5 29. Nd2 Bd3+ 30. Ke1 e4 31. c5 Bxb2 32. cxd6 cxd6 0-1

[Event "Continental op 45'"]
[Site "Los Angeles"]
[Date "2000.07.30"]
[Round "9"]
[White "Ivanov, Igor V"]
[Black "Anderson, Renard"]
[Result "0-1"]
[WhiteElo "2472"]
[BlackElo "2228"]
[PlyCount "66"]
[GameId "1166642845020160"]
[EventDate "2000.07.24"]
[EventType "swiss"]
[EventRounds "9"]
[EventCountry "USA"]
[SourceTitle "EXT 2001"]
[Source "ChessBase"]
[SourceDate "2000.11.22"]
[SourceVersion "1"]
[SourceVersionDate "2000.11.22"]
[SourceQuality "1"]

1. e4 c5 2. Nf3 d6 3. d4 cxd4 4. Nxd4 Nf6 5. Nc3 a6 6. Bg5 e6 7. f4 Qb6 8. Nb3 Nbd7 9. Qe2 Qc7 10. O-O-O Be7 11. g3 b5 12. Bg2 Rb8 13. Rhe1 b4 14. Nd5 exd5 15. exd5 O-O 16. Qxe7 Re8 17. Bxf6 Rxe7 18. Bxe7 Nf8 19. Bxf8 Kxf8 20. Nd4 Bd7 21. Rd3 g6 22. b3 a5 23. Kb2 Qc5 24. Nc6 Ra8 25. Nd4 a4 26. bxa4 Rxa4 27. Red1 Qa7 28. Ra1 Ra3 29. Nb3 Bf5 30. Rd2 Qe3 31. Rad1 Qc3+ 32. Kb1 Rxb3+ 33. axb3 Qxb3+ 0-1

[Event "Koltanowski Memorial op"]
[Site "San Francisco"]
[Date "2000.12.15"]
[Round "2"]
[White "Ivanov, Igor V"]
[Black "Mezentsev, Vladimir Gen"]
[Result "0-1"]
[WhiteElo "2472"]
[BlackElo "2376"]
[PlyCount "122"]
[GameId "1166643173564416"]
[EventDate "2000.12.14"]
[EventType "swiss"]
[EventRounds "9"]
[EventCountry "USA"]
[SourceTitle "CBM 079 Extra"]
[Source "ChessBase"]
[SourceDate "2001.01.11"]
[SourceVersion "2"]
[SourceVersionDate "2001.01.25"]
[SourceQuality "1"]

1. d4 d5 2. c4 Bf5 3. Nc3 e6 4. Qb3 Nc6 5. Nf3 Nb4 6. e4 dxe4 7. c5 a5 8. a3 exf3 9. axb4 Qxd4 10. Be3 Qd7 11. bxa5 c6 12. Na4 Rxa5 13. Rd1 Qc7 14. g4 Bg6 15. Qb4 b5 16. Nc3 Be7 17. Nxb5 cxb5 18. Bxb5+ Kf8 19. Rd7 Ra1+ 20. Kd2 Qa5 21. Qxa5 Rxa5 22. Rb7 Ra8 23. Ra1 Rd8+ 24. Rd7 Rxd7+ 25. Bxd7 Be4 26. Ra4 Bd5 27. c6 Bd6 28. Kc3 Ke7 29. Ra8 Bxh2 30. Bc5+ Kf6 31. b4 Kg5 32. Bd4 f6 33. b5 Kxg4 34. b6 h5 35. b7 h4 36. b8=Q Bxb8 37. Rxb8 h3 38. c7 h2 39. c8=Q h1=Q 40. Bxe6+ Bxe6 41. Qxe6+ Kh5 42. Qf5+ g5 43. Rb1 Qg2 44. Re1 Nh6 45. Qxf6 Rc8+ 46. Kd2 Qh3 47. Re6 Qf5 48. Qxh6+ Kg4 49. Qg6 Qa5+ 50. Kd3 Qb5+ 51. Ke4 Rd8 52. Rd6 Re8+ 53. Re6 Rf8 54. Be3 Rf5 55. Bxg5 Rxg5 56. Qe8 Qe2+ 57. Kd4 Qxf2+ 58. Re3 Qd2+ 59. Kc4 Qd5+ 60. Kc3 Qa5+ 61. Kd4 Qc5+ 0-1

[Event "Koltanowski Memorial op"]
[Site "San Francisco"]
[Date "2000.12.16"]
[Round "3"]
[White "Schiller, Eric"]
[Black "Ivanov, Igor V"]
[Result "1-0"]
[WhiteElo "2172"]
[BlackElo "2472"]
[PlyCount "81"]
[GameId "1166643173670912"]
[EventDate "2000.12.14"]
[EventType "swiss"]
[EventRounds "9"]
[EventCountry "USA"]
[SourceTitle "CBM 079 Extra"]
[Source "ChessBase"]
[SourceDate "2001.01.11"]
[SourceVersion "2"]
[SourceVersionDate "2001.01.25"]
[SourceQuality "1"]

1. d4 d5 2. Nf3 Nf6 3. e3 c5 4. c4 e6 5. Nc3 Nc6 6. cxd5 exd5 7. Bb5 Bd6 8. dxc5 Bxc5 9. O-O a6 10. Bd3 Bg4 11. h3 Bh5 12. a3 O-O 13. g4 Bg6 14. Bxg6 hxg6 15. Ne2 Re8 16. Qd3 Qe7 17. b4 Bd6 18. Bb2 Rad8 19. Rac1 Nxg4 20. hxg4 Qd7 21. Kg2 Qxg4+ 22. Ng3 d4 23. Rxc6 Rxe3 24. Qxd4 Qxf3+ 25. Kg1 Bf8 26. Qxd8 bxc6 27. Qd4 Rd3 28. Qe4 f5 29. Qxf3 Rxf3 30. Rc1 Rb3 31. Rc2 a5 32. bxa5 Bxa3 33. Rc3 Rxb2 34. Rxa3 Kf7 35. a6 Rb8 36. Ne2 Ke7 37. Nd4 Kd6 38. a7 Ra8 39. Ra6 Kc5 40. Ne6+ Kb5 41. Nc7+ 1-0

[Event "Continental op"]
[Site "Las Vegas"]
[Date "2001.07.29"]
[Round "6"]
[White "Ivanov, Igor V"]
[Black "Atalik, Suat"]
[Result "1-0"]
[WhiteElo "2461"]
[BlackElo "2537"]
[PlyCount "143"]
[GameId "1165542866030592"]
[EventDate "2001.07.26"]
[EventType "swiss"]
[EventRounds "6"]
[EventCountry "USA"]
[SourceTitle "EXT 2002"]
[Source "ChessBase"]
[SourceDate "2001.11.25"]
[SourceVersion "1"]
[SourceVersionDate "2001.11.25"]
[SourceQuality "1"]

1. Nf3 d5 2. d4 Nf6 3. c4 c6 4. Nc3 dxc4 5. a4 Bf5 6. e3 e6 7. Bxc4 Bb4 8. O-O O-O 9. Qb3 Qe7 10. h3 c5 11. Na2 Nc6 12. Nxb4 Na5 13. Nc6 Nxc6 14. dxc5 Qxc5 15. Qb5 Qe7 16. b3 Ne4 17. Ba3 Qc7 18. Bxf8 a6 19. Bd6 Qxd6 20. Qb6 Qe7 21. Rad1 Nc3 22. Rc1 Na2 23. Ra1 Nab4 24. Rfd1 Be4 25. Ne1 Rc8 26. f3 Bg6 27. Rd2 h5 28. Rad1 Rc7 29. e4 Ne5 30. Qd6 Qxd6 31. Rxd6 Nxc4 32. bxc4 Rxc4 33. Rb6 Nc6 34. Rxb7 Rxa4 35. Nd3 Rd4 36. Nb2 h4 37. Rc1 Ne5 38. Rc5 f6 39. Rcc7 Nf7 40. Ra7 e5 41. Rxa6 Ng5 42. Nc4 Rd1+ 43. Kf2 Bf7 44. Ne3 Rd2+ 45. Ke1 Rb2 46. Raa7 g6 47. Rc2 Rxc2 48. Nxc2 Ne6 49. Ne3 Nf4 50. Kf2 Nd3+ 51. Kg1 Nf4 52. Ng4 Kg7 53. Kh2 Nh5 54. Ne3 Kg8 55. Nd5 Kg7 56. Kg1 g5 57. Kf2 Nf4 58. Nxf4 gxf4 59. Ke2 Kg6 60. Kd3 Bb3 61. Kc3 Be6 62. Kb4 Bg8 63. Rb7 Ba2 64. Kc5 Be6 65. Rc7 Bb3 66. Kd6 Ba4 67. Ke7 Bb5 68. Kf8 f5 69. Rg7+ Kf6 70. Rf7+ Kg6 71. exf5+ Kg5 72. Ke7 1-0

[Event "Las Vegas National op"]
[Site "Las Vegas"]
[Date "2004.06.18"]
[Round "1"]
[White "Ivanov, Igor V"]
[Black "Meyer, Paul R"]
[Result "1-0"]
[WhiteElo "2438"]
[BlackElo "2253"]
[PlyCount "53"]
[GameId "1166646489534464"]
[EventDate "2004.06.18"]
[EventType "swiss"]
[EventRounds "6"]
[EventCountry "USA"]
[SourceTitle "CBM 100 Extra"]
[Source "ChessBase"]
[SourceDate "2004.07.06"]
[SourceVersion "2"]
[SourceVersionDate "2004.07.06"]
[SourceQuality "1"]

1. c4 e6 2. g3 d5 3. Bg2 Nf6 4. Nf3 c5 5. O-O Nc6 6. e3 d4 7. exd4 Nxd4 8. Nxd4 cxd4 9. d3 Bd6 10. Bg5 O-O 11. Nd2 h6 12. Bxf6 Qxf6 13. Ne4 Qe7 14. Nxd6 Qxd6 15. Rc1 Qb4 16. Qc2 Rb8 17. Rfe1 b6 18. a3 Qd6 19. b4 e5 20. c5 bxc5 21. Qxc5 Qxc5 22. Rxc5 Ba6 23. Rcxe5 Bxd3 24. Rd1 Ba6 25. Rxd4 Rbd8 26. Rxd8 Rxd8 27. h4 1-0

[Event "Western States op"]
[Site "Reno"]
[Date "2004.10.15"]
[Round "2"]
[White "Osmonbekov, Talaibek D"]
[Black "Ivanov, Igor V"]
[Result "0-1"]
[WhiteElo "2225"]
[BlackElo "2518"]
[PlyCount "41"]
[GameId "1166646939783168"]
[EventDate "2004.10.15"]
[EventType "swiss"]
[EventRounds "6"]
[EventCountry "USA"]
[SourceTitle "EXT 2009"]
[Source "ChessBase"]
[SourceDate "2008.11.26"]
[SourceVersion "1"]
[SourceVersionDate "2008.11.26"]
[SourceQuality "1"]

1. e4 c5 2. Nf3 d6 3. d4 cxd4 4. Nxd4 Nf6 5. Nc3 Nc6 6. Be2 e5 7. Nb3 a5 8. a4 Be7 9. Bg5 O-O 10. O-O Be6 11. Qd2 Nb4 12. Rad1 Rc8 13. f3 Nxc2 14. Bd3 Nb4 15. Nc1 h6 16. Be3 d5 17. exd5 Nfxd5 18. Nxd5 Nxd5 19. Bxh6 f5 20. Bb1 gxh6 21. Qxh6 0-1

[Event "Western States op"]
[Site "Reno"]
[Date "2004.10.15"]
[Round "3"]
[White "Ivanov, Igor V"]
[Black "McCormick, James"]
[Result "1-0"]
[WhiteElo "2518"]
[BlackElo "2206"]
[PlyCount "41"]
[GameId "1166646939820032"]
[EventDate "2004.10.15"]
[EventType "swiss"]
[EventRounds "6"]
[EventCountry "USA"]
[SourceTitle "EXT 2009"]
[Source "ChessBase"]
[SourceDate "2008.11.26"]
[SourceVersion "1"]
[SourceVersionDate "2008.11.26"]
[SourceQuality "1"]

1. Nf3 f5 2. g3 Nf6 3. Bg2 e6 4. O-O Be7 5. c4 O-O 6. d4 d6 7. Nc3 Nc6 8. d5 exd5 9. cxd5 Ne5 10. Nd4 a6 11. Qc2 g6 12. Rd1 Bd7 13. Bf4 Nh5 14. Bxe5 dxe5 15. Ne6 Bxe6 16. dxe6 Qc8 17. Rd7 Re8 18. Nd5 Bd6 19. Rc1 e4 20. Rxd6 cxd6 21. Qxc8 1-0

[Event "Western States op"]
[Site "Reno"]
[Date "2004.10.17"]
[Round "5"]
[White "Kudrin, Sergey"]
[Black "Ivanov, Igor V"]
[Result "1/2-1/2"]
[WhiteElo "2607"]
[BlackElo "2518"]
[PlyCount "36"]
[GameId "1166646940004352"]
[EventDate "2004.10.15"]
[EventType "swiss"]
[EventRounds "6"]
[EventCountry "USA"]
[SourceTitle "EXT 2009"]
[Source "ChessBase"]
[SourceDate "2008.11.26"]
[SourceVersion "1"]
[SourceVersionDate "2008.11.26"]
[SourceQuality "1"]

1. e4 e5 2. Nf3 Nc6 3. Bb5 a6 4. Ba4 Nf6 5. O-O b5 6. Bb3 Bb7 7. d3 d6 8. Ng5 d5 9. exd5 Nd4 10. Re1 Nxb3 11. Rxe5+ Be7 12. axb3 O-O 13. Nf3 Nxd5 14. Nbd2 c5 15. Re1 Re8 16. Ne4 f5 17. Nc3 Nxc3 18. bxc3 Bf6 1/2-1/2

[Event "Western States op"]
[Site "Reno"]
[Date "2004.10.17"]
[Round "6"]
[White "Ibragimov, Ildar"]
[Black "Ivanov, Igor V"]
[Result "1-0"]
[WhiteElo "2671"]
[BlackElo "2518"]
[PlyCount "47"]
[GameId "1166646940073984"]
[EventDate "2004.10.15"]
[EventType "swiss"]
[EventRounds "6"]
[EventCountry "USA"]
[SourceTitle "EXT 2009"]
[Source "ChessBase"]
[SourceDate "2008.11.26"]
[SourceVersion "1"]
[SourceVersionDate "2008.11.26"]
[SourceQuality "1"]

1. d4 Nf6 2. c4 e6 3. Nc3 Bb4 4. e3 c5 5. Bd3 Nc6 6. Nf3 Bxc3+ 7. bxc3 d6 8. O-O e5 9. Nd2 b6 10. Qc2 Bd7 11. f4 exd4 12. exd4 O-O 13. Nf3 Re8 14. h3 cxd4 15. Bd2 dxc3 16. Bxc3 Rc8 17. Rae1 Rxe1 18. Rxe1 Na5 19. Qe2 Be6 20. Ng5 Bxc4 21. Bxf6 gxf6 22. Qh5 Bxd3 23. Qxf7+ Kh8 24. Ne6 1-0

[Event "Las Vegas National op"]
[Site "Las Vegas"]
[Date "2005.06.11"]
[Round "3"]
[White "Ivanov, Igor V"]
[Black "Iwamoto, Takashi"]
[Result "1/2-1/2"]
[WhiteElo "2407"]
[BlackElo "2279"]
[PlyCount "163"]
[GameId "1166647472304128"]
[EventDate "2005.06.10"]
[EventType "swiss"]
[EventRounds "7"]
[EventCountry "USA"]
[SourceTitle "CBM 106 Extra"]
[Source "ChessBase"]
[SourceDate "2005.07.01"]
[SourceVersion "1"]
[SourceVersionDate "2005.07.01"]
[SourceQuality "1"]

1. c4 e5 2. g3 Nf6 3. Bg2 Bc5 4. Nc3 O-O 5. e3 Nc6 6. Nge2 a6 7. O-O d6 8. d3 Re8 9. a3 Ba7 10. b4 Bg4 11. h3 Bh5 12. g4 Bg6 13. Ng3 h6 14. Rb1 Rb8 15. Kh2 Nd7 16. Nd5 Ne7 17. f4 Nxd5 18. cxd5 exf4 19. exf4 Bd4 20. Ne2 Bf6 21. f5 Bh7 22. d4 Nb6 23. Ng3 Qd7 24. Nh5 Bh4 25. Rb3 Qb5 26. Nf4 Re7 27. Re3 Rbe8 28. Rxe7 Rxe7 29. Qf3 Qc4 30. Rd1 Qc2 31. Qd3 Qxd3 32. Rxd3 Bg5 33. Kg3 Bxf4+ 34. Bxf4 f6 35. Rd1 Kf8 36. Ra1 Bg8 37. a4 Nxd5 38. Bxd5 Bxd5 39. Rc1 Ke8 40. Kf2 Kd7 41. Rc3 Re4 42. Be3 b5 43. axb5 axb5 44. Ra3 Re8 45. Bc1 Bc4 46. Re3 Rxe3 47. Kxe3 Bf1 48. h4 Bh3 49. d5 Bxg4 50. Ke4 Bd1 51. Be3 Bc2+ 52. Kf4 c6 53. dxc6+ Kxc6 54. Ba7 Kc7 55. Bd4 Kc6 56. Ba7 g6 57. fxg6 Bxg6 58. Bb8 Kd7 59. Ba7 Ke6 60. Bb8 Ke7 61. Bc7 Ke6 62. Bb8 Bh5 63. Bc7 Bd1 64. Bb8 f5 65. Bc7 Bc2 66. Bb8 Be4 67. Bc7 d5 68. Bb6 Kf6 69. Bd4+ Kg6 70. Bf2 Kh5 71. Kg3 Bc2 72. Be3 Bb3 73. Bf2 Ba2 74. Be3 Bc4 75. Bf2 Be2 76. Be3 Bd1 77. Bf2 d4 78. Bxd4 f4+ 79. Kxf4 Kxh4 80. Bg7 h5 81. Bf6+ Kh3 82. Be7 1/2-1/2

[Event "Guelph Futurity schev"]
[Site "Guelph CAN"]
[Date "2005.07.25"]
[Round "1"]
[White "Ivanov, Igor V"]
[Black "Noritsyn, Nikolay"]
[Result "1/2-1/2"]
[WhiteElo "2411"]
[BlackElo "2376"]
[PlyCount "110"]
[GameId "2160767910900606"]
[EventDate "2005.08.07"]
[EventType "schev"]
[EventRounds "10"]
[EventCountry "CAN"]
[SourceTitle "EXT 2007"]
[Source "ChessBase"]
[SourceDate "2006.11.23"]
[SourceVersion "1"]
[SourceVersionDate "2006.11.23"]
[SourceQuality "1"]

1. g3 c5 2. c4 Nc6 3. Nf3 g6 4. Bg2 Bg7 5. O-O d6 6. e3 Nf6 7. d4 O-O 8. Nc3 Bd7 9. b3 a6 10. Bb2 Rb8 11. dxc5 dxc5 12. Na4 b6 13. Ne5 Qc7 14. Nxd7 Nxd7 15. Bxg7 Kxg7 16. Qe2 Rfd8 17. Rfd1 Nf6 18. g4 h6 19. h4 g5 20. hxg5 hxg5 21. Qf3 Ne5 22. Qf5 Nh7 23. Be4 Ng6 24. Qf3 e6 25. Bxg6 Kxg6 26. Nc3 Nf6 27. Ne4 Qe5 28. Nxf6 Qxf6 29. Qe4+ Kg7 30. Kg2 Rh8 31. Rh1 Rbd8 32. Rxh8 Rxh8 33. Rd1 Rd8 34. Rxd8 Qxd8 35. Qe5+ Kg6 36. Qe4+ Kg7 37. a3 Qd6 38. Qc2 a5 39. Kf1 Qe5 40. a4 Qa1+ 41. Kg2 Qe5 42. Qd3 Qb2 43. Qd8 Qe5 44. Kf3 Qf6+ 45. Qxf6+ Kxf6 46. Ke4 Ke7 47. f4 Kf6 48. Kf3 Kg6 49. e4 Kf6 50. e5+ Kg6 51. fxg5 Kxg5 52. Kg3 Kh6 53. Kf4 Kg6 54. Kf3 Kg5 55. Kg3 Kh6 1/2-1/2

[Event "Guelph Futurity schev"]
[Site "Guelph CAN"]
[Date "2005.07.25"]
[Round "2"]
[White "Hamilton, Robert"]
[Black "Ivanov, Igor V"]
[Result "0-1"]
[WhiteElo "2429"]
[BlackElo "2411"]
[PlyCount "168"]
[GameId "2160767910900609"]
[EventDate "2005.08.07"]
[EventType "schev"]
[EventRounds "10"]
[EventCountry "CAN"]
[SourceTitle "EXT 2007"]
[Source "ChessBase"]
[SourceDate "2006.11.23"]
[SourceVersion "1"]
[SourceVersionDate "2006.11.23"]
[SourceQuality "1"]

1. e4 c5 2. Nf3 e6 3. d4 cxd4 4. Nxd4 a6 5. Nc3 b5 6. g3 Bb7 7. Bg2 Nf6 8. Qe2 b4 9. Na4 Nc6 10. Nb3 d6 11. Be3 Nd7 12. Rd1 Be7 13. O-O O-O 14. f4 a5 15. Qf2 Ba6 16. Rfe1 Bb5 17. Nb6 Nxb6 18. Bxb6 Qb8 19. Be3 Bf6 20. Bd4 Bxd4 21. Nxd4 Nxd4 22. Qxd4 Rc8 23. Rd2 e5 24. Qe3 Qc7 25. f5 Ra6 26. f6 Qb6 27. fxg7 Qxe3+ 28. Rxe3 Rac6 29. Rd5 Rc5 30. Rxc5 Rxc5 31. c3 Kxg7 32. Kf2 Bc4 33. b3 Be6 34. c4 a4 35. Rd3 Ra5 36. Ke3 axb3 37. axb3 Ra3 38. Bf3 Kf8 39. Bd1 Ke7 40. Bf3 h6 41. Bd1 Ra1 42. Rd2 Rc1 43. Bc2 Re1+ 44. Kf2 Rh1 45. Kg2 Ra1 46. Kf2 Bg4 47. Ke3 Rf1 48. Rf2 Rxf2 49. Kxf2 Kd7 50. Ke3 Kc6 51. Kd3 Kc5 52. Ke3 Bh5 53. h3 f6 54. g4 Bf7 55. Kd3 h5 56. gxh5 Bxh5 57. Ke3 Kc6 58. Kd2 Bg6 59. Ke3 Kd7 60. Bd1 Ke7 61. Bf3 f5 62. exf5 Bxf5 63. h4 Bc2 64. c5 dxc5 65. Bd5 Kf6 66. Bc4 Kf5 67. Kf3 Bd1+ 68. Ke3 Bc2 69. Kf3 Kg6 70. Kg4 Kf6 71. Kf3 Bg6 72. Bb5 Bf7 73. Ba4 Bd5+ 74. Kg4 Be4 75. Bb5 Bc2 76. Bc4 Bd1+ 77. Kg3 Bh5 78. Bd3 Bg6 79. Be2 Bc2 80. Bc4 Bd1 81. Kf2 Kf5 82. Ke3 Bh5 83. Bd5 Kf6 84. Kd3 Bf7 0-1

[Event "Guelph Futurity schev"]
[Site "Guelph CAN"]
[Date "2005.07.25"]
[Round "3"]
[White "Ivanov, Igor V"]
[Black "Panjwani, Raja"]
[Result "1/2-1/2"]
[WhiteElo "2411"]
[BlackElo "2222"]
[PlyCount "42"]
[GameId "2160767910900616"]
[EventDate "2005.08.07"]
[EventType "schev"]
[EventRounds "10"]
[EventCountry "CAN"]
[SourceTitle "EXT 2007"]
[Source "ChessBase"]
[SourceDate "2006.11.23"]
[SourceVersion "1"]
[SourceVersionDate "2006.11.23"]
[SourceQuality "1"]

1. e4 c5 2. Nc3 Nc6 3. g3 g6 4. Bg2 Bg7 5. d3 d6 6. f4 Rb8 7. Nf3 b5 8. a3 Nd4 9. Ne2 Bh3 10. Bxh3 Nxf3+ 11. Kf2 Nd4 12. c3 Nc6 13. Bg2 e6 14. h4 Nf6 15. Bf3 h5 16. Kg2 Qc7 17. Be3 Ne7 18. b4 Rd8 19. a4 a6 20. axb5 axb5 21. Qb3 Qc6 1/2-1/2

[Event "Guelph Futurity schev"]
[Site "Guelph CAN"]
[Date "2005.07.25"]
[Round "4"]
[White "Urquhart, Eddie"]
[Black "Ivanov, Igor V"]
[Result "0-1"]
[WhiteElo "2252"]
[BlackElo "2411"]
[PlyCount "48"]
[GameId "2160767910900623"]
[EventDate "2005.08.07"]
[EventType "schev"]
[EventRounds "10"]
[EventCountry "CAN"]
[SourceTitle "EXT 2007"]
[Source "ChessBase"]
[SourceDate "2006.11.23"]
[SourceVersion "1"]
[SourceVersionDate "2006.11.23"]
[SourceQuality "1"]

1. e4 g6 2. Nc3 c5 3. f4 Nc6 4. Nf3 Bg7 5. a3 Nf6 6. Bb5 O-O 7. O-O Nd4 8. Bd3 d6 9. Nxd4 cxd4 10. Ne2 Qb6 11. Kh1 e5 12. Qe1 d5 13. exd5 e4 14. Bc4 Re8 15. b4 d3 16. Nc3 dxc2 17. Ra2 Bf5 18. Qe3 Rac8 19. Qxb6 axb6 20. Bb5 Red8 21. Ba4 e3 22. Bb3 Ng4 23. Na4 e2 24. Re1 Nf2+ 0-1

[Event "Guelph Futurity schev"]
[Site "Guelph CAN"]
[Date "2005.07.25"]
[Round "5"]
[White "Ivanov, Igor V"]
[Black "Thavandiran, Shiyam"]
[Result "0-1"]
[WhiteElo "2411"]
[BlackElo "2257"]
[PlyCount "92"]
[GameId "2160767910900626"]
[EventDate "2005.08.07"]
[EventType "schev"]
[EventRounds "10"]
[EventCountry "CAN"]
[SourceTitle "EXT 2007"]
[Source "ChessBase"]
[SourceDate "2006.11.23"]
[SourceVersion "1"]
[SourceVersionDate "2006.11.23"]
[SourceQuality "1"]

1. Nf3 Nf6 2. c4 e6 3. d4 b6 4. g3 Bb7 5. Bg2 Be7 6. Nc3 Ne4 7. Bd2 O-O 8. d5 f5 9. Qc2 Na6 10. Nxe4 fxe4 11. Qxe4 Nc5 12. Qc2 exd5 13. cxd5 Bf6 14. O-O Re8 15. Rfe1 Ne4 16. Rac1 Bxd5 17. Red1 c5 18. Bc3 Bc6 19. e3 Bxc3 20. bxc3 Qf6 21. Ne1 Rf8 22. f3 Nd6 23. c4 Nf5 24. Qc3 Rae8 25. Qxf6 Rxf6 26. e4 Nd4 27. Rd2 g5 28. Rc3 g4 29. Re3 gxf3 30. Nxf3 Nf5 31. Ree2 Rxe4 32. Rxe4 Bxe4 33. Rxd7 Ne3 34. Re7 Nxg2 35. Rxe4 Rxf3 36. Kxg2 Rc3 37. Re7 Rc2+ 38. Kf3 Rxa2 39. h4 Ra4 40. h5 h6 41. g4 Rxc4 42. Rxa7 b5 43. Rb7 b4 44. Kg3 Rc3+ 45. Kf4 b3 46. g5 Rc4+ 0-1